1795 1493 1532 1724 1865 1246 1829 1305 1399 1478 1705 1775 1400 1864 1370 1098 1116 1870 1290 1478 1618 1017 1432 1595 1225 1910 1433 1171 1440 1323 1280 1976 1013 1044 1438 1458 1246 1503 1799 1510 1171 1954 1104 1436 1160 1355 1181 1837 1174 1498 1403 1670 1432 1328 1269 1254 1258 1044 1333 1907 1240 1933 1591 1616 1650 1379 1069 1702 1220 1732 1869 1931 1194 1489 1456 1020 1656 1117 1722 1011 1847 1424 1439 1417 1156 1149 1135 1151 1054 1857 1034 1207 1830 1937 1058 1923 1339 1821 1474 BCNSPRNW ULIB Ver.6.0+V

เปลี่ยนเป็นภาษาไทย

Change to English
 แสดงรายละเอียดบรรณานุกรม
  กลับหน้าหลัก

Brief Record : Get Marc (ISO 2709) : E-mail record : QR code < ปิดหน้าต่าง
LEADER : 00000nas 2200000uu 4500
001    13399114050
003     ULIB
008    020711s|||| th a 000 0 tha d
110    ^aโรงพยาบาลชัยนาทนเรนทร
245    ^aวารสารโรงพยาบาลชัยนาทนเรนทร
260    ^aชัยนาท :^bโรงพยาบาลชัยนาทนเรนทร,^cม.ป.ป.
310    ^aราย 6 เดือน
850 ^a ULIB:campus^bฉบับที่ 30 ปีที่ 14
850 ^a ULIB^bฉบับที่ 31 ปีที่ 14 ;ฉบับที่ 33 ปีที่ 15
945    ^p0^l0^i800040
945    ^p0^l0^i900747
945    ^p0^l0^i901939
รายการนี้ยังไม่มีแท็ก
คุณยังไม่ได้ล็อกอิน คุณสามารถมีกิจกรรมร่วมกับเว็บไซต์ได้ แต่ต้องล็อกอินก่อน ::
  ล็อกอิน

รายการสื่อสารสนเทศ (วารสาร)

ดูแบบ: กล่อง รายการ
ARRIVED
ฉบับที่ 30 ปีที่ 14
สถานที่: ห้องสมุดวิทยาเขตสวรรค์ประชารักษ์ >วารสาร
ARRIVED
ฉบับที่ 31 ปีที่ 14
สถานที่: ห้องสมุดวิทยาเขตสวรรค์ประชารักษ์ >หนังสือทั่วไป
ARRIVED
ฉบับที่ 33 ปีที่ 15
สถานที่: ห้องสมุดวิทยาเขตสวรรค์ประชารักษ์ >วารสาร
รายการใกล้เคียง
    ชื่อเรื่อง [วารสารโรงพยาบาลชัยนาทนเรนทร]

    ผู้แต่ง []

BibComment


ยังไม่เคยถูกคอมเมนท์

คอมเมนท์ทรัพยากรรายการนี้
  คอมเมนท์: วารสารโรงพยาบาลช..


 Copyright 2026. Bcnsprnw @Library